000 01056nam0a22002531 4500
001 rc\3725092
005 20250610104124.0
021 _aRU
_b[70-64485]
035 _a(NLR Aleph) 007863292
090 _a7810487
_c7810487
100 _a20130115d1970 |||y0rusy50 ca
101 0 _arus
102 _aRU
105 _ay z |||||
200 1 _aТезисы докладов
_fАН СССР. Науч. совет по высокомолекулярным соединениям и Науч. совет по нефтехимии при Отд-нии общей и техн. химии. Башк. филиал АН СССР. Симпозиум по высшим полиолефинам. 9-14 сент. 1970 г.
210 _aУфа
_cБ. и.
_d[1970]
215 _a14 с.
_d21
606 _aПолиолефины
_jТезисы докладов
_2psbo
710 1 2 _aСимпозиум по высшим полиолефинам (1970; Уфа)
801 0 _aRU
_bNLR
_gpsbo
801 1 _aRU
_bELAR
_2rusmarc
852 _aNLR
_j70-6/6201
942 _cBOOK
980 _aNB